Music Quiz

Random Music or Lyrics Quiz
Score 0/188 Timer 12:00
0 Plays Today
Hint Answer % Correct
a
95.9%
a
95.9%
and
95.9%
the
95.9%
the
95.9%
and
95.9%
the
95.9%
and
95.9%
the
95.9%
the
95.9%
and
95.9%
a
95.9%
and
95.9%
and
95.9%
the
95.9%
the
95.9%
a
95.9%
in
92.7%
in
92.7%
this
91.4%
this
91.4%
this
91.4%
this
91.4%
me
91.4%
this
91.4%
this
91.4%
me
91.4%
on
90.5%
on
90.5%
your
90%
but
89.5%
but
89.5%
so
89.5%
but
89.5%
but
89.5%
but
89.5%
but
89.5%
so
89.5%
make
88.6%
We're
88.2%
you're
88.2%
you're
88.2%
bars
87.7%
with
87.3%
to
86.8%
to
86.8%
to
86.8%
to
86.8%
smashing
86.4%
karaoke
85.9%
greek
85.9%
tragedy
85.9%
make-up
85.5%
be
85.5%
love
85.5%
like
85.5%
love
85.5%
like
85.5%
like
85.5%
half
85%
acting
84.5%
running
84.1%
late
84.1%
Hint Answer % Correct
feeling
84.1%
feeling
84.1%
our
83.6%
up
83.6%
our
83.6%
up
83.6%
up
83.6%
up
83.6%
up
83.6%
mics
83.2%
method
82.7%
hate
82.7%
hate
82.7%
pay
82.3%
bills
81.8%
she
81.8%
hits
81.8%
she
81.8%
she
81.8%
hits
81.8%
she
81.8%
hits
81.8%
soon
80.5%
part
80.5%
part
80.5%
soon
80.5%
might
79.5%
enough
78.2%
it
78.2%
it
78.2%
it
78.2%
of
77.7%
of
77.7%
of
77.7%
ecstasy
77.3%
comes
77.3%
ecstasy
77.3%
comes
77.3%
ecstasy
77.3%
comes
77.3%
fill
75.5%
i
75.5%
i
75.5%
i
75.5%
i
75.5%
out
75.5%
i
75.5%
i
75.5%
i
75.5%
i
75.5%
out
75.5%
work
74.1%
work
74.1%
i'm
73.2%
i'm
73.2%
plans
72.7%
it's
70.9%
it's
70.9%
no
70%
my
69.5%
my
69.5%
different
68.6%
chart
67.7%
Hint Answer % Correct
there'll
67.3%
much
67.3%
drew
67.3%
wanted
66.8%
not
65.9%
here
65.9%
head
64.5%
sense
64.1%
sense
64.1%
bangs
63.6%
bangs
63.6%
just
62.3%
just
62.3%
character's
61.8%
loose
61.8%
strong
61.4%
cheaper
61.4%
oh
60.5%
seats
60%
best
59.1%
hot
58.2%
are
57.7%
pursuit
57.7%
say
57.3%
darling
56.4%
let
55.5%
start
55.5%
tired
55%
free
54.5%
there's
54.1%
steps
53.6%
home
53.6%
as
53.2%
as
53.2%
cards
51.8%
blades
51.8%
falling
51.4%
get
51.4%
flipping
50.9%
landing
50.9%
pad
50.9%
cars
50.5%
have
50.5%
said
50.5%
rotate
50%
better
50%
we'll
50%
slide
50%
really
49.5%
water
49.5%
leave
48.2%
wants
47.3%
tarot
46.8%
wanna
45.5%
build
45.5%
worse
45%
clearly
42.3%
surely
41.8%
wrong
39.5%
Penrose
38.2%
so bad
32.3%
hole
31.8%
Remove Ads.
Support Sporcle.
Get the best of Sporcle when you Go Orange. This ad-free experience offers more features, more stats, and more fun while also helping to support Sporcle. Thank you for becoming a member.

You're not logged in!

Compare scores with friends on all Sporcle quizzes.
OR
Log In

Show Comments

Extras

Top Quizzes Today


Score Distribution

Your Account Isn't Verified!

In order to create a playlist on Sporcle, you need to verify the email address you used during registration. Go to your Sporcle Settings to finish the process.

Report this User

Report this user for behavior that violates our Community Guidelines.

Details: